00649nam a22001097a 4500040000800000082003000008100004700038245032000085260002600405300002100431856008700452 cRUA aVEM MAO 2024 B1.330 Or.1 aMAO VANCHHAI, ម៉ៅ វ៉ានឆៃ aGastro-Intestinal parasite in Gibbon at phnom tamao zoological park, protected forest and proretum,បរាសិតក្នុងក្រពះពោះវៀនទោចនៅឧទ្យានសួនសត្វព្រៃការពារ និងសួនភូតគាម "ភ្នំតាម៉ៅ aPHNOM PENHbRUAc2024 aix,bill,c29cm, uhttps://drive.google.com/file/d/1MWgZ-rCcixu4SiMc3G20L-e8jgUAxVjo/view?usp=sharing